FAILURE IS NOT AN OPTION SIX PRINCIPLES THAT GUIDE STUDENT ACHIEVEMENT IN HIGH-PERFORMING SCHOOLS / (Record no. 616839)

000 -LEADER
fixed length control field 00426nam a22001337a 4500
020 ## - INTERNATIONAL STANDARD BOOK NUMBER
Qualifying information PB.
040 ## - CATALOGING SOURCE
Transcribing agency FIZZA ISHAQ
082 ## - DEWEY DECIMAL CLASSIFICATION NUMBER
Classification number 629.45
Author Mark ALA
100 ## - MAIN ENTRY--PERSONAL NAME
Personal name BLANKSTEIN,M.ALAN.
9 (RLIN) 133857
245 ## - TITLE STATEMENT
Title FAILURE IS NOT AN OPTION SIX PRINCIPLES THAT GUIDE STUDENT ACHIEVEMENT IN HIGH-PERFORMING SCHOOLS /
Statement of responsibility, etc. ALAN M.BLANKSTEIN.
260 ## - PUBLICATION, DISTRIBUTION, ETC.
Place of publication, distribution, etc. NEW YORK ;
Name of publisher, distributor, etc. CORWIN PRESS,
Date of publication, distribution, etc. 2004.
300 ## - PHYSICAL DESCRIPTION
Extent 276 P. ;
Dimensions 9.1X6.1IN
942 ## - ADDED ENTRY ELEMENTS (KOHA)
Source of classification or shelving scheme
Koha item type Book
Holdings
Withdrawn status Lost status Source of classification or shelving scheme Damaged status Not for loan Permanent Location Current Location Shelving location Date acquired Total Checkouts Full call number Barcode Date last seen Price effective from Koha item type
          NUST Baluchistan Campus (NBC) NUST Baluchistan Campus (NBC) General Stacks 04/03/2026   629.45 ALA QD-484 04/03/2026 04/03/2026 Book
© 2023 Central Library, National University of Sciences and Technology. All Rights Reserved.